<?xml version="1.0" encoding="UTF-8"?>
<record
    xmlns:xsi="http://www.w3.org/2001/XMLSchema-instance"
    xsi:schemaLocation="http://www.loc.gov/MARC21/slim http://www.loc.gov/standards/marcxml/schema/MARC21slim.xsd"
    xmlns="http://www.loc.gov/MARC21/slim">

  <leader>02509nam a2200277 i 4500</leader>
  <controlfield tag="001">000029562</controlfield>
  <controlfield tag="003">DO-SdBNP</controlfield>
  <controlfield tag="005">20260212081300.0</controlfield>
  <controlfield tag="007">ta</controlfield>
  <controlfield tag="008">110418s1994    dr            000 0 spa d</controlfield>
  <datafield tag="040" ind1=" " ind2=" ">
    <subfield code="a">DO-SdBNP</subfield>
    <subfield code="b">spa</subfield>
    <subfield code="c">BNPHU</subfield>
    <subfield code="e">rda</subfield>
  </datafield>
  <datafield tag="041" ind1="1" ind2="7">
    <subfield code="a">spa</subfield>
    <subfield code="h">eng</subfield>
  </datafield>
  <datafield tag="082" ind1=" " ind2="4">
    <subfield code="a">972.9304</subfield>
    <subfield code="b">I38na</subfield>
    <subfield code="2">22</subfield>
  </datafield>
  <datafield tag="245" ind1="0" ind2="3">
    <subfield code="a">La Independencia Nacional : su proceso ... = National Independence : its process ... /</subfield>
  </datafield>
  <datafield tag="246" ind1=" " ind2=" ">
    <subfield code="a">National Independence : its process ... </subfield>
  </datafield>
  <datafield tag="264" ind1=" " ind2="1">
    <subfield code="a">Santo Domingo  :</subfield>
    <subfield code="b">Banco Central de la Rep&#xFA;blica Dominicana,</subfield>
    <subfield code="c">1994.</subfield>
  </datafield>
  <datafield tag="300" ind1=" " ind2=" ">
    <subfield code="a">79 p&#xE1;ginas :</subfield>
    <subfield code="b">ilustraciones, retratos ;</subfield>
    <subfield code="c">31 cm.</subfield>
  </datafield>
  <datafield tag="336" ind1=" " ind2=" ">
    <subfield code="a">texto</subfield>
    <subfield code="b">txt</subfield>
    <subfield code="2">rdacontent</subfield>
  </datafield>
  <datafield tag="337" ind1=" " ind2=" ">
    <subfield code="a">sinmediaci&#xF3;n</subfield>
    <subfield code="b">n</subfield>
    <subfield code="2">rdamedia</subfield>
  </datafield>
  <datafield tag="338" ind1=" " ind2=" ">
    <subfield code="a">volumen</subfield>
    <subfield code="b">nc</subfield>
    <subfield code="2">rdacarrier</subfield>
  </datafield>
  <datafield tag="505" ind1=" " ind2=" ">
    <subfield code="a">La intelecci&#xF3;n de la idea de la independencia nacional 9 -- La independencia ef&#xED;mera 1821 10 -- La ocupaci&#xF3;n haitiana 1822-1844 12 -- Juan Pablo Duarte y Diez, fundador de la Rep&#xFA;blica 14 -- Los trinitarios 16 -- La fundaci&#xF3;n de la Trinitaria. 1938. El juramento trinitario 18 -- Francisco S&#xE1;nchez del Rosario, padre de la patria 22 -- Mat&#xED;as Ram&#xF3;n Mella del Rosario, padre de la patria 24 -- La dram&#xE1;tica 26 -- La filantr&#xF3;pico 28 -- La manifestaci&#xF3;n del 16 de enero. 1944 30 -- La primera bandera dominicana 32 -- El trabucazo 34 -- La proclamaci&#xF3;n de la independencia. 27 de febrero de 1844 36 -- Cronolog&#xED;a de gobierno y gobernantes de la Rep&#xFA;blica Dominicana, 1844-1874 39 -- La guerra dominico-haitiana. 1844-1856. Batallas Ganadas y H&#xE9;roes destacados 42 -- El regreso de Duarte 15 de marzo de 1844 44 -- La batalla de Azua. 19 de marzo de 1844 46 -- La batalla de Santiago. 30 de marzo de 1844 48 -- La batalla de Tortuguero. Abril de 1844 50 -- El primer congreso constituyente 52 -- La constituci&#xF3;n de San Crist&#xF3;bal. 6 de noviembre de 1844 54 -- La idea de protectorado 56 -- La anexi&#xF3;n a Espa&#xF1;a. 18 de marzo de 1861 58 -- El gobierno de anexi&#xF3;n. 1861-1863 60 -- El martirio de S&#xE1;nchez. 4 de julio de 1861 62 -- Causas de la restauraci&#xF3;n. 1863 64 -- La restauraci&#xF3;n como guerra social. 1863-1865 68 -- El gobierno restaurador. 1863 66 -- El gobierno restaurador. 1863 70 -- Los h&#xE9;roes de la restauraci&#xF3;n 72 -- Buenaventura B&#xE1;ez 74 -- La comisi&#xF3;n norteamericana. 1871 -- El proyecto de anexi&#xF3;n a Estados Unidos. 1871 78</subfield>
  </datafield>
  <datafield tag="590" ind1=" " ind2=" ">
    <subfield code="a">Inventariado, 2022/BT</subfield>
  </datafield>
  <datafield tag="650" ind1=" " ind2="4">
    <subfield code="a">Rep&#xFA;blica Dominicana</subfield>
    <subfield code="x">Historia</subfield>
    <subfield code="y">Independencia ef&#xED;mera, 1821</subfield>
    <subfield code="9">88898</subfield>
  </datafield>
  <datafield tag="910" ind1=" " ind2=" ">
    <subfield code="a">Btav&#xE1;rez/ Validado. Control de calidad/MAA</subfield>
  </datafield>
  <datafield tag="942" ind1=" " ind2=" ">
    <subfield code="2">ddc</subfield>
    <subfield code="c">LBS1</subfield>
  </datafield>
  <datafield tag="952" ind1=" " ind2=" ">
    <subfield code="0">0</subfield>
    <subfield code="1">0</subfield>
    <subfield code="2">ddc</subfield>
    <subfield code="5">1</subfield>
    <subfield code="7">0</subfield>
    <subfield code="8">PD</subfield>
    <subfield code="a">BNPHU</subfield>
    <subfield code="b">BNPHU</subfield>
    <subfield code="c">HD</subfield>
    <subfield code="d">2011-04-18</subfield>
    <subfield code="l">0</subfield>
    <subfield code="o"> BNPHU PD 972.9304 I38na</subfield>
    <subfield code="p">29562-10</subfield>
    <subfield code="r">2020-06-25</subfield>
    <subfield code="w">2020-06-25</subfield>
    <subfield code="y">LBS1</subfield>
  </datafield>
  <datafield tag="952" ind1=" " ind2=" ">
    <subfield code="0">0</subfield>
    <subfield code="1">0</subfield>
    <subfield code="2">ddc</subfield>
    <subfield code="5">1</subfield>
    <subfield code="7">0</subfield>
    <subfield code="8">PD</subfield>
    <subfield code="a">BNPHU</subfield>
    <subfield code="b">BNPHU</subfield>
    <subfield code="c">HD</subfield>
    <subfield code="d">2019-06-18</subfield>
    <subfield code="e">Donado por An&#xF3;nimo</subfield>
    <subfield code="l">0</subfield>
    <subfield code="o">BNPHU PD 972.9304 I38na</subfield>
    <subfield code="p">29562-20</subfield>
    <subfield code="r">2020-06-25</subfield>
    <subfield code="t">e.2</subfield>
    <subfield code="w">2020-06-25</subfield>
    <subfield code="y">LBS1</subfield>
  </datafield>
  <datafield tag="952" ind1=" " ind2=" ">
    <subfield code="0">0</subfield>
    <subfield code="1">0</subfield>
    <subfield code="2">ddc</subfield>
    <subfield code="5">6</subfield>
    <subfield code="7">0</subfield>
    <subfield code="8">DS</subfield>
    <subfield code="a">BNPHU</subfield>
    <subfield code="b">BNPHU</subfield>
    <subfield code="c">HD</subfield>
    <subfield code="d">2023-01-13</subfield>
    <subfield code="e">Donado por Bienvenido Brito</subfield>
    <subfield code="o">BNPHU DS 972.9304 I38na</subfield>
    <subfield code="p">2023-0137</subfield>
    <subfield code="r">2023-01-13</subfield>
    <subfield code="t">e.3</subfield>
    <subfield code="w">2023-01-13</subfield>
    <subfield code="y">LBS1</subfield>
  </datafield>
  <datafield tag="952" ind1=" " ind2=" ">
    <subfield code="0">0</subfield>
    <subfield code="1">0</subfield>
    <subfield code="2">ddc</subfield>
    <subfield code="5">6</subfield>
    <subfield code="7">0</subfield>
    <subfield code="8">DS</subfield>
    <subfield code="a">BNPHU</subfield>
    <subfield code="b">BNPHU</subfield>
    <subfield code="c">HD</subfield>
    <subfield code="d">2024-11-07</subfield>
    <subfield code="e">Donado por la Presidencia de la Rep&#xFA;blica Dominicana 2023.</subfield>
    <subfield code="l">0</subfield>
    <subfield code="o">BNPHU DS 972.9304 I38na</subfield>
    <subfield code="p">2024-6338</subfield>
    <subfield code="r">2024-11-07</subfield>
    <subfield code="t">e.4</subfield>
    <subfield code="w">2024-11-07</subfield>
    <subfield code="y">LBS1</subfield>
    <subfield code="z">Pertenecio a la biblioteca personal de Emilio Cordero Michel.</subfield>
  </datafield>
  <datafield tag="952" ind1=" " ind2=" ">
    <subfield code="0">0</subfield>
    <subfield code="1">0</subfield>
    <subfield code="2">ddc</subfield>
    <subfield code="5">6</subfield>
    <subfield code="7">0</subfield>
    <subfield code="8">DS</subfield>
    <subfield code="a">BNPHU</subfield>
    <subfield code="b">BNPHU</subfield>
    <subfield code="c">HD</subfield>
    <subfield code="d">2025-08-01</subfield>
    <subfield code="e">Donaci&#xF3;n</subfield>
    <subfield code="l">0</subfield>
    <subfield code="o">BNPHU DS 972.9304 I38na</subfield>
    <subfield code="p">2025-7671</subfield>
    <subfield code="r">2025-08-01</subfield>
    <subfield code="t">e.5</subfield>
    <subfield code="w">2025-08-01</subfield>
    <subfield code="y">LBS1</subfield>
    <subfield code="z">Perteneci&#xF3; a la biblioteca personal de la familia Reyes Duluc.</subfield>
  </datafield>
  <datafield tag="999" ind1=" " ind2=" ">
    <subfield code="c">29054</subfield>
    <subfield code="d">29054</subfield>
  </datafield>
</record>
